Online Catalogue and eLibrary

Understanding the Dravidian movement : (Record no. 469)

MARC details
000 -LEADER
fixed length control field 00690nam a2200229 a 4500
001 - CONTROL NUMBER
control field 2575737
005 - DATE AND TIME OF LATEST TRANSACTION
control field 20240222002213.0
008 - FIXED-LENGTH DATA ELEMENTS--GENERAL INFORMATION
fixed length control field 950720s1995 ii b 000 0 eng
020 ## - INTERNATIONAL STANDARD BOOK NUMBER
ISBN 8123403682 :
040 ## - CATALOGING SOURCE (பட்டியலாக்க மூலம்)
Original cataloging agency DLC
Transcribing agency DLC
082 ## - DDC Classification
DDC Edition Number 22
Class No. 322.4.
Item Number - Author Mark UND.
100 1# - MAIN ENTRY--PERSONAL NAME
Personal name Sivathamby, Karthigesu.
245 10 - TITLE STATEMENT
Title Understanding the Dravidian movement :
Remainder of title problems and perspectives /
Statement of responsibility, etc. Karthigesu Sivathamby.
250 ## - EDITION STATEMENT
Edition statement 1st ed.
260 ## - PUBLICATION, DISTRIBUTION, ETC.
Place of publication, distribution, etc. Madras :
Name of publisher, distributor, etc. New Century Book House,
Date of publication, distribution, etc. 1995.
300 ## - PHYSICAL DESCRIPTION
Extent (e.g. Volumes, Pages etc.) 66 p. ;
500 ## - GENERAL NOTE
General note Cover title: Understanding Dravidian movement.
500 ## - GENERAL NOTE
General note "8th World Tamil Conference special publication."
650 #0 - SUBJECT ADDED ENTRY--TOPICAL TERM
Topical term or geographic name entry element Nationalism
650 #0 - SUBJECT ADDED ENTRY--TOPICAL TERM
Topical term or geographic name entry element Caste
942 ## - Koha item type (Biblio)
Koha item type Books in Stacks (Lending)
Holdings
Lost status Damaged status Collection code Home library Current library Date acquired Full call number Accession Number Item type
    Lending WERC Library WERC Library 02/22/2024 322.4. UND. 2599 Books in Stacks (Lending)

© WERC Library